00602nam a2200193Ia 450000500170000000800460001703700110006304000080007404000080008204000080009004100080009804100080010608400080011410000540012224501380017626000090031430000100032370000750033320260430150106.0008 250103s9999 xx 000 0 eng d aTheses aCRL beng ceng 2eng aeng qCRL aBasumatary Lakshmi Rani Au.; Ambethkar Vusala Gu. 0aHeat and mass transfer analysis of free and forced convection in horizontal rectangular enclosure with heat and concentration sources c2021 a163p. aUniversity of Delhi. Faculty of Mathamatics. Department of Mathematics